Cities by Leaders: UK - Statistics

General Stats
  • This quiz has been taken 21 times
  • The average score is 11 of 23
Answer Stats
Leader City (born in) population, tips % Correct
Tony Blair Edinburgh ~500k, E, Scotland
100%
David Cameron London ~9m, L
95%
Alec Douglas-Home London ~9m, L
95%
Harold Macmillan London ~9m, L
95%
David Lloyd George Manchester ~546k, M
90%
Neville Chamberlain Birmingham ~1,2m, B
85%
Henry Campbell-Bannerman Glasgow ~622k, G, Scotland
80%
Margaret Thatcher Grantham ~45k, Grant...
65%
James Callaghan Portsmouth ~206k, P
65%
Edward Heath Broadstairs ~25k, Broad...
35%
Harold Wilson Huddersfield ~163k, H
35%
Clement Attlee Putney ~78k, Put..., GreaterL
35%
Theresa May Eastbourne ~104k, East...
30%
Gordon Brown Giffnock ~17k, Giff..., Scotland
30%
Robert Gascoyne-Cecil Hatfield ~40k, Hat...
30%
Winston Churchill Blenheim ?, B, Dukes of Marlborough
25%
Ramsay MacDonald Lossiemouth ~7k, Loss..., Scotland
25%
Stanley Baldwin Bewdley ~10k, Bew...
15%
Bonar Law Kingston 818, Ki.., NB, Canada
10%
H. H. Asquith Morley ~788k, L
5%
John Major St Helier ~23k, St..., GreaterL
5%
Arthur Balfour Whittingehame ?, Whitt...House, Scotland
0%
Anthony Eden Windlestone Hall 1 family, Wind...Hall
0%
No matching quizzes found
Score Distribution
Percent of People with Each Score
Percentile by Number Answered
Your Score History
You have not taken this quiz